000 01340nam a2200229Ia 4500
003 Ost
005 20260507075337.0
008 260507s9999||||xx |||||||||||||| ||und||
020 _a9789957067243
040 _cfsecg
041 _aara
082 _a330
100 _aكلبونة، أحمد يوسف
_eمؤلف
245 0 _aعلم تدقيق الحسابات :
_bالنظري /
_c أحمد يوسف كلبونة
260 _aعمان:
_bدار المسيرة,
_c2011
300 _a302 صفحة؛
_c25 سم
520 _aمقدمة في علمالتدقيق و انواع التدقيق من عدة نواحيو خدمات التوكيد المهني و الاخطاء و الغش و أوجه التلاعب ، دراسة مدقق الحسابات و اوراق و ملفات تدقيق الحسابات ، أهداف وورة ووسائل و مسؤوليات و ادوات الرقابة الداخلية و جمع الأدلة و القرائن في تدقيق الحسابات و تقرير مدقق الحسابات و علاقة تدقيق الحسابات بعملية الرقابة الداخلية و التدقيق على الأصول المتداولة
653 _aالمحاسبة
653 _aمراجعة الحسابات
700 _aسلامة، محمود رافت
_eمؤلف ثانوي
942 _cكتاب
999 _c44060
_d44060